000 01755cam a22004574i 4500
003 PE-LiUPU
005 20250731173143.0
008 150623s r 000 0 d
020 _a188963803X
035 _a(Sirsi) i9781889638034
040 _aPE-LiUPU
_bspa
_cPE-LiUPU
_erda
049 _aPRUA
082 0 4 _a254.5
_bS31N
_221
100 1 _aSchwarz, Christian A.,
_d1960-,
_eautor.
245 1 0 _aImplementation guide to Natural church developtment /
_cChristian A. Schwarz.
264 1 _aChicago :
_bChurchSmart Resources,
_c1998.
300 _a235 páginas :
_bilustraciones figuras, gráficos ;
_c23 centímetros
336 _atext
_2rdacontent
337 _aunmediated
_2rdamedia
338 _avolume
_2rdacarrier
505 0 _aHow to develop your church profile. Ten action steps. How to improve your minimum factor. Learning to think biotically.
526 _aSEG42
526 _aSEG41
526 _aSEG40
526 _aSEG39
526 _aP94
526 _aP87
526 _aP86
526 _aP85
526 _aP77
526 _aP76
526 _aP35
650 0 4 _aCrecimiento de iglesia
_vGuías.
942 _2ddc
_cBOOK
949 _a254.5 S31N
_wDEWEY
_c1
_i52937
_lCCODEBUL1
_mBUL
_p12.00
_r0
_sY
_tBOOK
_u2015-6-24
_xTEOLOGIA
_PP35
_0COMPRA
_o.STAFF. Colección General
994 _aC0
_bPEPRU
596 _a1
999 _a254.5 S31N
_wDEWEY
_c34799
_i52937
_f2021-11-10
_g6
_lCCODEBUL1
_mBUL
_p12.00
_r0
_sY
_tBOOK
_u2015-6-24
_xTEOLOGIA
_PP35
_0COMPRA
_o.STAFF. Colección General
_d34799
999 _a254.5 S31N
_wDEWEY
_c2
_i77027
_f2021-11-10
_g4
_lCCODEBUL1
_mBUL
_p12.00
_r0
_sY
_tBOOK
_u2018-2-21
_xTEOLOGIA
_PP35
_0COMPRA
_o.STAFF. Colección Teología
980 _81
_gALBERTO SANCHEZ Responsable de Automatización